| 000 | 00548nam a22001697a 4500 | ||
|---|---|---|---|
| 003 | NUST | ||
| 038 | _aNusrat Nadeem | ||
| 082 | _a200 | ||
| 100 |
_aIqbal, Mian Muhammad Waseem _9124448 |
||
| 245 |
_aSecuring Iot-Based Smart Systems using SDSEC/ _cMian Muhammad Waseem Iqbal, |
||
| 264 |
_aRawalpindi; _bMCS NUST; _c2021. |
||
| 300 |
_a107,p; _bill; _c30,cm. |
||
| 690 |
_aPh.D-Information Security _9124437 |
||
| 700 |
_aSupervisor:Dr. Haider Abbas _9118399 |
||
| 856 | _uhttp://10.250.8.41:8080/xmlui/handle/123456789/25988 | ||
| 942 |
_2ddc _cSC |
||
| 999 |
_c610305 _d610305 |
||